• 首页
  • 本馆介绍
  • 公告通知
  • 最新文献
  • 馆藏检索
  • 电子资源
  • 读者导购
  • 参考咨询
  • 我的图书馆
  • 登录
  • 详细信息显示
  • 放入我的书架
  • 预约/预借图书
  • 作者相关作品
  • 分类相关作品
  • 丛书相关作品
  • 出版社相关作品

书目信息

  • 表格格式
  • 工作单格式
  • 卡片格式
题名:
美术教育的真谛
    
 
作者: 陈铁梅 著
分册:  
出版信息: 南京   江苏教育出版社  2011
页数: [18], 217页
开本: 24cm
丛书名: 大教育书馆
单 册:
中图分类: G633.955.2
科图分类:
主题词: 美术教育--mei shu jiao yu--教学研究--中小学
电子资源:
ISBN: 978-7-5499-1060-1
000 01034nam0 2200277 450
001 012001004094
005 20130128082332.0
010    @a978-7-5499-1060-1@dCNY30.00
099    @aCAL 012011329824
100    @a20111111d2011 em y0chiy0121 ea
101 0  @achi
102    @aCN@b320000
105    @ay z 000yy
106    @ar
200 1  @a美术教育的真谛@Amei shu jiao yu de zhen di@e审美人生教育让生命绚丽成长@f陈铁梅著
210    @a南京@c江苏教育出版社@d2011
215    @a[18], 217页@d24cm
225 2  @a大教育书馆@Ada jiao yu shu guan@i行知工程新生代通派名师系列
330    @a本书内容包括:给学习一份明媚、给课堂一束缤纷、给课程一片新曦、给孩子一缕暖阳。
410  0 @12001@a大教育书馆@i行知工程新生代通派名师系列
517 1  @a审美人生教育让生命绚丽成长@Ashen mei ren sheng jiao yu rang sheng ming xuan li cheng zhang
606 0  @a美术教育@Amei shu jiao yu@x教学研究@x中小学
690    @aG633.955.2@v4
701  0 @a陈铁梅@Achen tie mei@4著
801  2 @aCN@b江苏凤凰@c20191020
905    @b1219392-5@dG633.955.2@e158@f4
    
    美术教育的真谛:审美人生教育让生命绚丽成长/陈铁梅著.-南京:江苏教育出版社,2011
    [18], 217页;24cm.-(大教育书馆.行知工程新生代通派名师系列)
    
    
    ISBN 978-7-5499-1060-1:CNY30.00
    本书内容包括:给学习一份明媚、给课堂一束缤纷、给课程一片新曦、给孩子一缕暖阳。
●
相关链接 在E读中查询图书 在五车中查询图书 在当当中查询图书 在豆瓣中查询图书


正题名:美术教育的真谛     索取号:G633.955.2/158         预约/预借

序号 登录号 条形码 馆藏地/架位号 状态 备注
1 1219392   212193927   第一样本阅览室/ [索取号:G633.955.2/158] 在馆    
2 1219393   212193936   教育系资料室/ [索取号:G633.955.2/158] 在馆    
3 1219394   212193945   教育系资料室/ [索取号:G633.955.2/158] 在馆    
4 1219395   212193954   第四借阅区/ [索取号:G633.955.2/158] 在馆    
唐山师范学院图书馆 欢迎您!
大连网信软件有限公司© 版权所有